000
00269nam a2200097Ia 4500
082
_a
K HVA
245
0
_a
Get real, get ready, get going
100
_a
ROSS, Michael Grand Rapids, Mich., 1999
_9
77891
942
_c
BK
008
210817s9999 xx 000 0 und d
999
_c
267785
_d
267784